| 000 | 00453nam a22001697a 4500 | ||
|---|---|---|---|
| 999 |
_c61386 _d61386 |
||
| 005 | 20240304171239.0 | ||
| 008 | 240304s2005 tu ||||| |||| 00| 0 tur d | ||
| 020 | _a9789759029678 | ||
| 041 | _atur | ||
| 080 | _a821.512.161-343 D-29 | ||
| 100 |
_aKorkut, Dede _921309 |
||
| 245 |
_aDede Korkut Hikayeleri / _cDede Korkut. |
||
| 264 |
_aIstanbul, _c2005. |
||
| 300 |
_a104 p. ; _b20 cm. |
||
| 653 | _aლიტერატურა | ||
| 942 |
_2udc _cBK |
||